Prahalad Rao

Solon A


Categories

History - American4300901659.2912
History - European5100851045.5024
History - Cross, Historiography, and Miscellaneous2500802764.5712
History - World3300753964.3302
Current Events - World3000453444.0011
Literature - British1200353681.6700
Geography - World1200354870.3301
Science - Physics03003072100.6700
Other - Other Academic and General Knowledge0200205668.5000
Fine Arts - Painting0200205786.0000
RMP - Greco-Roman Mythology1000155353.0000
Geography - United States1000155656.0000
RMP - Christian Practice010010101101.0000
Fine Arts - Architecture0100107878.0000
Fine Arts - Sculpture0100109494.0000
RMP - World Mythology0100108383.0000
Science - Astronomy010010100100.0000
Science - Chemistry010010112112.0000
Science - Engineering and Miscellaneous0100107171.0000
RMP - Islam0100107979.0000
RMP - Jewish Practice0100108282.0000
RMP - Philosophy0100109999.0000
Current Events - U.S.000000.0000
Fine Arts - Miscellaneous000000.0000
Science - Computer Science000000.0000
Science - Biology000000.0000

Buzzes

History - EuropeanCrimea2010
History - AmericanWest Point2016
History - EuropeanHouse of Borgia2025
History - Cross, Historiography, and MiscellaneousInquisition2027
Current Events - Worldnuclear waste2034
History - AmericanWilliam Henry Harrison2035
History - Cross, Historiography, and Miscellaneousprisons035
Literature - BritishSir Arthur Conan Doyle2036
History - EuropeanAlexander II2037
History - AmericanPlessy v. Ferguson2037